| 000 | 00940nam a2200265 a 4500 | ||
|---|---|---|---|
| 001 | 64458 | ||
| 003 | BD-RjUL | ||
| 005 | 20211209081318.0 | ||
| 008 | 170215s2006 ja ab b 000 0 eng d | ||
| 020 | _a4924971197 | ||
| 035 | _a(BD-RjUL)64588 | ||
| 040 |
_aBD-RjUL _cBD-RjUL _dBD-RjUL _beng |
||
| 041 | 1 | _aeng | |
| 082 |
_223 _a952 _bHIE 2006 |
||
| 100 | 1 |
_aMitani, Hiroshi, _d1950- _9191228 |
|
| 245 | 1 | 0 |
_aEscape from impasse : _bthe decision to open Japan / _cMitani Hiroshi ; translated by David Noble ; edited by Nihon Rekishi Gakkai (Japan Historical Association). |
| 250 | _a1st English ed. | ||
| 260 |
_aTokyo : _bInternational House of Japan, _cc2006. |
||
| 300 |
_axxxiv, 332 p. : _bill. ; _c24 cm. |
||
| 504 | _aIncludes bibliographical references (p. 329-332). | ||
| 651 | 0 |
_aJapan _xHistory _yRestoration, 1853-1870. _9191229 |
|
| 700 |
_aNoble, David _9171942 |
||
| 710 | 2 |
_aNihon Rekishi Gakkai. _9191230 |
|
| 942 |
_2ddc _cBK |
||
| 999 |
_c64458 _d64458 |
||